[Event "CZE-chT1E 0910"]
[Site "Czech Republic"]
[Date "2009.11.15"]
[Round "1.8"]
[White "Klapka, Josef"]
[Black "Hampl, Martin"]
[Result "1-0"]
[WhiteElo "1557"]
[BlackElo "1000"]
[PlyCount "75"]
[EventDate "2009.11.15"]
[EventType "team-tourn"]
[EventRounds "11"]
[EventCountry "CZE"]
[SourceTitle "EXT 2011"]
[Source "ChessBase"]
[SourceDate "2010.11.26"]
[SourceVersion "1"]
[SourceVersionDate "2010.11.26"]
[SourceQuality "1"]
[WhiteTeam "Litovel"]
[BlackTeam "Litovel II"]
[WhiteTeamCountry "CZE"]
[BlackTeamCountry "CZE"]

1. e4 e5 2. Nf3 Nc6 3. Bc4 Be7 4. d4 Bf6 5. c3 Nge7 6. Be3 d5 7. exd5 Nxd5 8. Qd3 0-0 9. Nbd2 Be6 10. Bb3 g6 11. Bh6 Bg7 12. Bxg7 Kxg7 13. Ne4 Qe7 14. g3 Rfd8 15. h4 Nf6 16. Bxe6 Qxe6 17. Neg5 Qg4 18. Qc4 Rf8 19. Qd3 Rae8 20. Nh2 e4 21. Nxg4 exd3+ 22. Ne3 Re7 23. Kd2 Rfe8 24. Rae1 Ne4+ 25. Nxe4 Rxe4 26. Kxd3 R4e6 27. Kd2 Rd6 28. Nf5+ Kf8 29. Nxd6 cxd6 30. Rxe8+ Kxe8 31. Re1+ Ne7 32. Kd3 Kd7 33. a4 Nc6 34. f4 d5 35. b4 h6 36. Rb1 f5 37. c4 Kd6 38. c5+ 1-0